000 008300000a22002410004500
003 LK-CoMWRAF
005 20231129004027.0
008 230817t1996 ||||| |||| 00| 0 eng d
040 _aLK-CoMWRAF
_dLK-CoMWRAF
_eLK-CoMWRAF
041 _aeng
082 _a346.16
_bTAL
245 _aTalaq-i-Tafwid : the Muslim woman's contractual access to divorce :
_ban information kit
260 _aGrabels:
_bWomen Living Under Muslim Laws,
_c1996
300 _a 204 p. : ill. ; 21 cm
490 _aReaders and Compilations Series
650 _aMuslim women--Legal status, laws,
650 _aDivorce (Islamic law)
650 _aPrenuptial agreements (Islamic law)
700 _a Carroll, Lucy
_eed.
700 _aKapoor, Harsh
_eed.
856 _uhttps://www.wluml.org/wp-content/uploads/2020/01/talaq-i-tawfid-eng.pdf
942 _cBK
999 _c530
_d530